00302 a2200145 450000100060000002000150000604000240002110000170004524000190006224500140008130000070009536200090010244000180011165000270012945850 a8506012139 cAnchieta - Aquarius aPlace, Robin10aOs Celtaslpor10aOs Celtas a600 a1997 1aMelhoramentos 4aCeltas Civilização